[Event "London Mindsports rapid op 4th"]
[Site "London"]
[Date "2024.07.19"]
[Round "5"]
[White "Teclaf, Pawel"]
[Black "Varghese, David"]
[Result "1-0"]
[WhiteElo "2501"]
[BlackElo "1521"]
[PlyCount "71"]
[EventDate "2024.07.19"]
[EventType "swiss (rapid)"]
[EventRounds "5"]
[EventCountry "ENG"]
[SourceTitle "CBM 221 Extra"]
[Source "ChessBase"]
[SourceDate "2024.09.30"]
[SourceVersion "1"]
[SourceVersionDate "2024.09.30"]
[SourceQuality "1"]

1. Nf3 d5 2. e3 e6 3. c4 Nf6 4. b3 b6 5. cxd5 exd5 6. Bb2 Bb7 7. g3 g6 8. Bg2 Bg7 9. 0-0 0-0 10. Nc3 c5 11. d4 Nc6 12. dxc5 bxc5 13. Na4 Ne4 14. Bxg7 Kxg7 15. Nd2 Qe7 16. Nxe4 dxe4 17. Qc2 Rac8 18. Qxe4 Qxe4 19. Bxe4 Na5 20. Bxb7 Nxb7 21. Rac1 Rfd8 22. Rc2 Rd7 23. Rfc1 Rdc7 24. Rc4 a5 25. a3 Kf6 26. b4 axb4 27. axb4 Ke6 28. Nxc5+ Nxc5 29. bxc5 Kd5 30. Rd4+ Ke6 31. Rdc4 Kd5 32. e4+ Kc6 33. Kg2 Kb5 34. R4c2 f6 35. c6 Re7 36. Rb1+ 1-0